| 000 | 00000nam 2200000zi 4500 |
| 001 | 9.867791 |
| 003 | CaOODSP |
| 005 | 20241203113645 |
| 006 | m o d f |
| 007 | cr nn||||||||| |
| 008 | 190130s1987 onc ob f000 0 eng d |
| 040 | |aCaOODSP|beng|erda|cCaOODSP |
| 041 | |aeng|bfre |
| 043 | |an-cn-on|anl----- |
| 045 | |ax7x8 |
| 086 | 1 |aEn13-5/87-34E-PDF |
| 100 | 1 |aBoyce, F. M., |eauthor. |
| 245 | 10|aLake Erie research : |brecent results, remaining gaps / |cby F.M. Boyce, M.N. Charlton, D. Rathke, C.H. Mortimer and J. Bennett. |
| 264 | 1|aBurlington, Ontario : |bNational Water Research Institute, |c1987. |
| 300 | |a1 online resource (51 pages). |
| 336 | |atext|btxt|2rdacontent |
| 337 | |acomputer|bc|2rdamedia |
| 338 | |aonline resource|bcr|2rdacarrier |
| 490 | 1 |aNWRI contribution ; |v87-34 |
| 500 | |aCover title. |
| 500 | |a"February 1987." |
| 500 | |aDigitized edition from print [produced by Environment and Climate Change Canada]. |
| 504 | |aIncludes bibliographical references. |
| 546 | |aIncludes management perspective and abstract in French. |
| 693 | 4|aHydrodynamics--Erie, Lake |
| 693 | 4|aWater--Pollution--Erie, Lake |
| 700 | 1 |aRathke, David E., |eauthor. |
| 700 | 1 |aMortimer, Clifford Hiley, |eauthor. |
| 700 | 1 |aBennett, J., |eauthor. |
| 700 | 1 |aCharlton, Murray N., |eauthor. |
| 710 | 1 |aCanada. |bEnvironment Canada. |
| 710 | 2 |aNational Water Research Institute (Canada) |
| 830 | #0|aNWRI contribution ;|v87-34.|w(CaOODSP)9.844121 |
| 856 | 40|qPDF|s3.44 MB|uhttps://publications.gc.ca/collections/collection_2019/eccc/En13-5-87-34-eng.pdf |